Every Ed Sheeran Song. Ever - Statistics

General Stats
  • This quiz has been taken 31 times
  • The average score is 21 of 65
Answer Stats
Hint Answer % Correct
45 Perfect
88%
50 Shape Of You
81%
1 The A Team
77%
59 Thinking Out Loud
73%
10 Castle On The Hill
65%
42 One
65%
46 Photograph
65%
13 Don't
62%
23 Galway Girl
62%
24 Give Me Love
62%
25 Happier
62%
53 Sing
62%
33 Lego House
58%
38 New Man
54%
2 Afire Love
50%
12 Dive
50%
14 Drunk
50%
17 Eraser
50%
30 I See Fire
50%
54 Small Bump
50%
64 You Need Me, I Don't Need You
50%
8 Bloodstream
46%
40 Nina
46%
58 Tenerife Sea
46%
6 Barcelona
42%
26 Hearts Don't Break Around Here
42%
37 Nancy Mulligan
42%
56 Supermarket Flowers
42%
62 What Do I Know
38%
18 Even My Dad Does Sometimes
35%
28 How Would You Feel
35%
36 The Man
35%
52 Shirtsleeves
31%
7 Bibia Be Ye Ye
27%
49 Runaway
27%
57 Take It Back
27%
34 Little Bird
23%
35 Make It Rain
23%
4 All Of The Stars
19%
5 Autumn Leaves
19%
11 Cold Coffee
19%
19 Everything Has Changed
15%
27 Homeless
15%
15 End Game
12%
21 Firefly
12%
32 Lay It All On Me
12%
39 New York
12%
43 One Night
12%
48 River
12%
51 She
12%
60 Touch And Go
12%
16 English Rose
8%
20 Fall
8%
55 Sofa
8%
63 Where We Land
8%
9 Boa Me
4%
22 Fire Alarms
4%
61 Watchtower
4%
65 Young Guns
4%
3 All About It
0%
29 Hush Little Baby
0%
31 If I Could
0%
41 Old School Love
0%
47 Reuf
0%
44 The Parting Glass
0%
No matching quizzes found
Score Distribution
Percent of People with Each Score
Percentile by Number Answered
Your Score History
You have not taken this quiz